000 01050nac a22003131i 4500
003 EG-ScBUE
005 20240319104336.0
008 240319r19861979e a f b 001 0 eng d
020 _a0582780888
020 _a9780582780880
040 _aEG-ScBUE
_beng
_erda
_cEG-ScBUE
_dEG-ScBUE
043 _ama-----
082 0 4 _a940.1
_bDAN
_222
100 1 _aDaniel, Norman,
_eauthor.
245 1 4 _aThe Arabs and mediaeval Europe /
_cNorman Daniel.
250 _aSecond edition.
250 _aReprint edition.
264 1 _aHarlow, England :
_bLongman Group Limited,
_c1986.
300 _axiv, 385 pages, [2] leaves of plates :
_billustrations ;
_c23 cm.
336 _2rdacontent
_atext
_btxt
337 _aunmediated
_2rdamedia
_bn
338 _avolume
_bnc
_2rdacarrier
490 0 _aArab background series
504 _aIncludes bibliographical references and index.
650 7 _aCivilization, Medieval
_xArab influences.
_2BUEsh
651 7 _aEurope
_xCivilization
_zArab influences.
_2BUEsh
655 _vReading book
942 _cBB
_2ddc
999 _c7192
_d7192